الأحكام الخاصة بالصغار في الفقه الاسلامي /
Saved in:
| Main Author: | |
|---|---|
| Other Authors: | |
| Format: | Thesis |
| Language: | Arabic |
| Published: |
al-Urdun :
al-Jami'ah al-Urduniyah,
1993.
|
| Subjects: | |
| Tags: |
Add Tag
No Tags, Be the first to tag this record!
|
| LEADER | 015280000a22002890004500 | ||
|---|---|---|---|
| 008 | 101025s1993 jo f00 0000 00ara d | ||
| 040 | |a UIAM |b eng | ||
| 041 | |a ara | ||
| 050 | 0 | 4 | |a BP158.5.J42 |
| 100 | 1 | |a رفاعي، جميلة عبد القادر شعبان | |
| 242 | 1 | 3 | |a al-Ahkam al-khassah bi-al-sighar fi al-fiqh al-Islami |
| 245 | 1 | 2 | |a الأحكام الخاصة بالصغار في الفقه الاسلامي / |c اعداد جميلة عبد القادر شعبان الرفاعي |
| 260 | |a al-Urdun : |b al-Jami'ah al-Urduniyah, |c 1993. | ||
| 300 | |a 245 leaves ; |c 30 cm. | ||
| 500 | |a "قدةت هذه الأطروحة استكمالا لمطلبات درجة الماجستيرفي الفقه واصوله بكلية الدراسات العليا في الجامعة الاردنية "On t.p. | ||
| 500 | |a Abstract in English and Arabic. | ||
| 502 | |a Thesis (M.A.)--al-Jami'ah al-Urduniyah, 1992 | ||
| 504 | |a Includes bibliographical references (leaves 212-228). | ||
| 596 | |a 1 | ||
| 650 | |a Minors (Islamic law) | ||
| 655 | |a Theses, Facsimile edition (Islamic) | ||
| 700 | |a Rifa'i, Jamilah 'Abd al-Qadir Sha'ban | ||
| 710 | |a Jami'ah al-Urduniyah. |b Kulliyat al-Dirasat al-'Ulya | ||
| 710 | |a جامعة الأردنية. |b كلية الدراسات العليا | ||
| 900 | |a sz-ami | ||
| 999 | |c 433064 |d 466770 | ||
| 952 | |0 0 |6 TI BP 000158.000005 J000042 R000564A 001993 |7 0 |8 THESES |9 753834 |a IIUM |b IIUM |c MULTIMEDIA |g 320.00 |o ti BP 158.5 J42 R564A 1993 |p 00011149160 |r 2017-10-23 |t 1 |v 320.00 |y THESIS | ||
